[Event "Cochabamba GP op 4th"]
[Site "Cochabamba"]
[Date "2023.09.08"]
[Round "4"]
[White "Escobar Rojas, Marizol"]
[Black "Gareca Ordonez, Laura"]
[Result "0-1"]
[WhiteElo "1178"]
[BlackElo "1468"]
[PlyCount "126"]
[EventDate "2023.09.07"]
[EventType "swiss"]
[EventRounds "7"]
[EventCountry "BOL"]
[SourceTitle "EXT 2024"]
[Source "ChessBase"]
[SourceDate "2023.10.10"]
[SourceVersion "1"]
[SourceVersionDate "2023.10.10"]
[SourceQuality "1"]

1. e4 e6 2. d4 d5 3. Nd2 c5 4. c3 Nf6 5. e5 Nfd7 6. Ngf3 Nc6 7. Bb5 Qc7 8. Bxc6 bxc6 9. 0-0 cxd4 10. cxd4 c5 11. dxc5 Bxc5 12. Nb3 Be7 13. Be3 Qb8 14. Re1 0-0 15. Bd4 a5 16. a4 Bb4 17. Re2 Ba6 18. Rc2 Rc8 19. Rxc8+ Qxc8 20. Rc1 Qb7 21. Bc3 Bc4 22. Nbd2 Bxc3 23. Nxc4 Bxb2 24. Nd6 Qa6 25. Rb1 Bxe5 26. Nxe5 Qxd6 27. Nxd7 Qxd7 28. Qb3 h6 29. Qb5 Qxb5 30. Rxb5 g6 31. Kf1 Kg7 32. Ke2 Kf6 33. Ke3 Ke5 34. f4+ Kd6 35. Kd4 Ra6 36. g3 f6 37. Ke3 e5 38. Kd3 f5 39. fxe5+ Kxe5 40. Ke3 g5 41. Rc5 h5 42. h3 f4+ 43. gxf4+ gxf4+ 44. Kf3 Kd4 45. Rb5 Kc4 46. Kxf4 d4 47. Rxh5 Rd6 48. Rh4 Kc3 49. Rh5 d3 50. Ke3 d2 51. Rc5+ Kb4 52. Rb5+ Kxa4 53. Rb1 d1Q 54. Rxd1 Rxd1 55. Kf4 Rg1 56. h4 Kb4 57. Ke3 a4 58. h5 a3 59. h6 a2 60. h7 a1Q 61. h8Q Qxh8 62. Ke2 Rg2+ 63. Kf1 Qh1# 0-1

[Event "BOL-ch U12 Girls"]
[Site "Cochabamba"]
[Date "2023.01.14"]
[Round "4"]
[White "Escobar Rojas, Marizol"]
[Black "Quispe Choquehuanca, Angeles Aydee"]
[Result "1-0"]
[WhiteElo "1025"]
[BlackElo "1146"]
[PlyCount "96"]
[EventDate "2023.01.13"]
[EventType "swiss"]
[EventRounds "7"]
[EventCountry "BOL"]
[SourceTitle "EXT 2024"]
[Source "ChessBase"]
[SourceDate "2023.10.10"]
[SourceVersion "1"]
[SourceVersionDate "2023.10.10"]
[SourceQuality "1"]

1. e4 g6 2. d4 Bg7 3. Nf3 d6 4. Bc4 Nf6 5. Nc3 0-0 6. 0-0 Nbd7 7. Bg5 e5 8. dxe5 Nxe5 9. Nxe5 dxe5 10. Qe2 c6 11. Rad1 Qc7 12. Rd3 a5 13. Rfd1 b5 14. Rd6 Ne8 15. Rd8 bxc4 16. Qxc4 Be6 17. Qc5 Nf6 18. R8d6 Rac8 19. a3 h6 20. Bh4 g5 21. Bg3 Nd7 22. Qe3 Nb6 23. b3 Rfd8 24. R6d3 Rxd3 25. Qxd3 Bf6 26. Qf3 Kg7 27. Qh5 Rd8 28. Re1 Qc8 29. f3 Qd7 30. Bf2 Qc7 31. Ne2 Rd2 32. h4 Rxc2 33. hxg5 Bxg5 34. f4 exf4 35. Bd4+ f6 36. Rf1 Rxe2 37. Qxe2 Bxb3 38. e5 Bc4 39. exf6+ Kf7 40. Qh5+ Ke6 41. Re1+ Kd5 42. f7 Nd7 43. Bg7 Qb6+ 44. Kh1 Qc5 45. f8Q Qxf8 46. Bxf8 Nxf8 47. Qf7+ Kd4 48. Qxf8 a4 1-0

[Event "BOL-ch U12 Girls"]
[Site "Cochabamba"]
[Date "2023.01.14"]
[Round "3"]
[White "Escobar Rojas, Marizol"]
[Black "Torrejon Teran, Valeria Emily"]
[Result "1-0"]
[WhiteElo "1025"]
[BlackElo "1106"]
[PlyCount "97"]
[EventDate "2023.01.13"]
[EventType "swiss"]
[EventRounds "7"]
[EventCountry "BOL"]
[SourceTitle "EXT 2024"]
[Source "ChessBase"]
[SourceDate "2023.10.10"]
[SourceVersion "1"]
[SourceVersionDate "2023.10.10"]
[SourceQuality "1"]

1. e4 e5 2. Nf3 Nc6 3. c3 Nf6 4. d3 Be7 5. Be2 0-0 6. 0-0 d6 7. Bg5 Be6 8. Nbd2 d5 9. Qc2 dxe4 10. dxe4 Nd7 11. Bxe7 Nxe7 12. Rad1 Ng6 13. Nc4 Qe7 14. Rd2 Rfd8 15. Rfd1 Qf6 16. Ne3 c6 17. Rd6 Qe7 18. Bc4 Bxc4 19. Nxc4 Rac8 20. Qd2 Rc7 21. Qe1 Re8 22. Ne3 Nf6 23. Nf5 Qf8 24. N3h4 Nf4 25. g3 Nh3+ 26. Kg2 Ng5 27. f3 Rcc8 28. R6d3 Rcd8 29. Nd6 Re7 30. Nc4 Qe8 31. Rxd8 Qxd8 32. Rxd8+ Re8 33. Rxe8+ Nxe8 34. Nxe5 Nf6 35. Qd2 Ne6 36. Nd7 Nxd7 37. Qxd7 h6 38. Qxb7 c5 39. Qxa7 Kf8 40. a4 Kg8 41. a5 Kf8 42. a6 Nd8 43. Qxc5+ Ke8 44. a7 Ne6 45. a8R+ Kd7 46. Ra7+ Kd8 47. Qb6+ Kc8 48. Qb7+ Kd8 49. Qd7# 1-0